000 00746nam a2200229Ia 4500
003 GCL
008 140319s9999 xx 000 0 ara d
020 _a783843052
040 _aGCL /
_cGCL
082 0 4 _a759
_bج م
100 1 _aجولر، كارولين
245 1 0 _aمستشرقو المدرسة الايطالية /
_cجولر، كارولين
700 1 _aرانيا قرداحى
250 _aالاولى
260 _aسوريا :
_bدار المدى للثقافة والنشر ،
_c2005
300 _a175 ص ؛
_c21 سم
490 _aالبحث عن الشرق
_v0
650 0 4 _aاللوحات الفنية
650 0 4 _aالفنانون - تراجم
650 0 4 _aالفنانون الايطاليون
942 _2ddc
_cBK
999 _c8132
_d8132